LEADER 00869nam0-22003371i-450- 001 990001431970403321 010 $a0-7923-4630-0 035 $a000143197 035 $aFED01000143197 035 $a(Aleph)000143197FED01 035 $a000143197 100 $a20000920d1997----km-y0itay50------ba 101 0 $aeng 200 1 $aDefeasible deotic logic$fEdited by Donald Nute 210 $aDordrecht (NL)$cKluwer$d1997 215 $avii, 354 p.$d25 cm 225 1 $aSyntese Library$v263 610 0 $aLogica matematica$aCongressi 676 $a511.3 702 1$aNute,$bDonald 801 0$aIT$bUNINA$gRICA$2UNIMARC 901 $aBK 912 $a990001431970403321 952 $aC-25-(263$b15932$fMA1 959 $aMA1 962 $a00B15 962 $a03-06 962 $a03A05 996 $aDefeasible deotic logic$9374827 997 $aUNINA DB $aING01 LEADER 01007nam--2200337---450- 001 990005838280203316 005 20130509093101.0 035 $a000583828 035 $aUSA01000583828 035 $a(ALEPH)000583828USA01 035 $a000583828 100 $a20130506d1980----km-y0itay50------ba 101 $arus 102 $aRU 105 $a||||||||001yy 200 1 $aMoskva i moskvici$fVl. Giljarovskij 210 $aMoskva$cNarodnaja asveta$d1980 215 $a348 p., 1 ritratto$d21 cm 300 $aTitolo e nome dell?autore in russo, traslitterati 676 $a891.704 700 1$aGILJAROVSKIJ,$bVladimir Alekseevic$0616851 801 0$aIT$bsalbc$gISBD 912 $a990005838280203316 951 $aVIII.1.A. 984$b7962 L.G.$cVIII.1.A.$d00292009 959 $aBK 969 $aUMA 979 $aIANNONE$b90$c20130506$lUSA01$h0913 979 $aIANNONE$b90$c20130506$lUSA01$h0945 979 $aIANNONE$b90$c20130509$lUSA01$h0931 996 $aMoskva i moskvici$91087477 997 $aUNISA